Normal view
MARC view
Entry Topical Term
001 - CONTROL NUMBER
- control field: 11207
003 - CONTROL NUMBER IDENTIFIER
- control field: BD-RjUL
005 - DATE AND TIME OF LATEST TRANSACTION
- control field: 20240129103552.0
008 - FIXED-LENGTH DATA ELEMENTS
- fixed length control field: 240129|| aca||aabn | a|a d
040 ## - CATALOGING SOURCE
- Original cataloging agency: BD-RjUL
- Transcribing agency: BD-RjUL
150 ## - HEADING--TOPICAL TERM
- Topical term or geographic name entry element: لغة عربية
- Form subdivision: قواعد
670 ## - SOURCE DATA FOUND
- Source citation: Work cat.: (BD-RjUL)82829: زمان, محمد خان ;; Zaman, Muhammad Khan 11206, حل العويص فى شرح التلخيص /, 1951